000 00444cam a2200181ua 4500
020 _c10.00
041 _ahin
_h
082 _a891.54
_bRAJ/BH
100 _aRajkumar, .
245 _aBharat ka rajnitik itihas /
_cRajkumar.
_hTextual Documents
250 _a1 /
_b.
260 _aVaranasi :
_bHindi Pracharak Pusthakalayam ,
_c1962.
300 _a563 ; .
365 _a10.00
504 _a
942 _cBK
999 _c8313
_d8313